000 00375cam a22001217a 4500
008 180718b-- xxu||||| |||| 00| 0 eng d
082 _aT212000x54 In2
245 _aNational textile policy
_cby Ministry of Textiles
260 _aNew Delhi
_bThe author
_c--
500 _aLibrary has 1985, 1989, 2000
650 _aTextile industry - India
700 _aIndia. Ministry of Textiles
999 _c488680
_d488680